000 00390nam a2200169Ia 4500
008 230524s9999 xx 000 0 und d
020 _a8176556554
082 _bKAN
100 _aYashawant Kanthkar
_942681
245 0 _aTest Your C++ Skills
250 _a1
260 _aNew Delhi
_bBPB
_c2014
300 _a377p:
500 _aQuantity Number: 1
650 _aComp-Sc
942 _cBK
999 _c57672
_d57672